000 00287nam a22000977a 4500
999 _c529202
_d529202
082 _a658.4012 ASW
245 _aBusiness Environment for Strategic Management /
_cK. Aswathappa
260 _aBombay:
_bHimalaya Pub House.
942 _2ddc
_cBK